[Event "Teplice op 4th"]
[Site "Teplice"]
[Date "2009.06.19"]
[Round "7"]
[White "Bakajsa, Libor"]
[Black "Ksana, Vaclav"]
[Result "1/2-1/2"]
[WhiteElo "1900"]
[BlackElo "2079"]
[PlyCount "46"]
[EventDate "2009.06.13"]
[EventType "swiss"]
[EventRounds "9"]
[EventCountry "CZE"]
[SourceTitle "CBM 130 Extra"]
[Source "ChessBase"]
[SourceDate "2009.07.02"]
[SourceVersion "2"]
[SourceVersionDate "2009.07.15"]
[SourceQuality "1"]

1. e4 c5 2. Nf3 d6 3. d4 cxd4 4. Nxd4 Nf6 5. Nc3 a6 6. Bg5 e6 7. f4 Qc7 8. Qf3 Be7 9. 0-0-0 Bd7 10. g4 Nc6 11. Nb3 Rc8 12. Bxf6 Bxf6 13. g5 Be7 14. Bd3 Nb4 15. h4 Nxd3+ 16. Qxd3 b5 17. Ne2 Qc4 18. Qxc4 Rxc4 19. Nd2 Rc7 20. Nd4 0-0 21. N2f3 Rfc8 22. Rdg1 Bc6 23. Nxc6 Rxc6 1/2-1/2

[Event "Teplice op 4th"]
[Site "Teplice"]
[Date "2009.06.15"]
[Round "3"]
[White "Reimanis, Ritvars"]
[Black "Bakajsa, Libor"]
[Result "1-0"]
[WhiteElo "2118"]
[BlackElo "1900"]
[PlyCount "29"]
[EventDate "2009.06.13"]
[EventType "swiss"]
[EventRounds "9"]
[EventCountry "CZE"]
[SourceTitle "CBM 130 Extra"]
[Source "ChessBase"]
[SourceDate "2009.07.02"]
[SourceVersion "2"]
[SourceVersionDate "2009.07.15"]
[SourceQuality "1"]

1. d4 Nf6 2. c4 e6 3. Nc3 Bb4 4. e3 c5 5. Nge2 0-0 6. a3 Bxc3+ 7. Nxc3 d6 8. Be2 Nc6 9. 0-0 Ne7 10. b4 cxd4 11. Qxd4 Qd7 12. Bb2 Nf5 13. Qd3 d5 14. cxd5 Nxd5 15. e4 1-0

[Event "Teplice op 4th"]
[Site "Teplice"]
[Date "2009.06.13"]
[Round "1"]
[White "Plischki, Sebastian"]
[Black "Bakajsa, Libor"]
[Result "1-0"]
[WhiteElo "2363"]
[BlackElo "1900"]
[PlyCount "47"]
[EventDate "2009.06.13"]
[EventType "swiss"]
[EventRounds "9"]
[EventCountry "CZE"]
[SourceTitle "CBM 130 Extra"]
[Source "ChessBase"]
[SourceDate "2009.07.02"]
[SourceVersion "2"]
[SourceVersionDate "2009.07.15"]
[SourceQuality "1"]

1. d4 Nf6 2. c4 e6 3. Nf3 b6 4. Nc3 Bb4 5. Bg5 h6 6. Bh4 Bb7 7. Nd2 0-0 8. e4 Bxc3 9. bxc3 g5 10. Bg3 Nxe4 11. Nxe4 Bxe4 12. h4 Kg7 13. hxg5 hxg5 14. Qh5 f6 15. Be2 Bg6 16. Qh6+ Kf7 17. f4 gxf4 18. Qxf4 d6 19. Rh6 Nd7 20. Kf2 Rh8 21. Rah1 Rxh6 22. Rxh6 Qg8 23. Qh4 Qg7 24. Rxg6 1-0

[Event "Teplice op 3rd"]
[Site "Teplice"]
[Date "2008.06.15"]
[Round "2"]
[White "Cerny, Lumir"]
[Black "Bakajsa, Libor"]
[Result "0-1"]
[WhiteElo "1685"]
[BlackElo "1910"]
[PlyCount "98"]
[EventDate "2008.06.14"]
[EventType "swiss"]
[EventRounds "9"]
[EventCountry "CZE"]
[SourceTitle "CBM 125 Extra"]
[Source "ChessBase"]
[SourceDate "2008.09.01"]
[SourceVersion "1"]
[SourceVersionDate "2008.09.01"]
[SourceQuality "1"]

1. b4 e5 2. Bb2 Bxb4 3. Bxe5 Nf6 4. Nf3 0-0 5. e3 d5 6. c4 Bg4 7. cxd5 Nxd5 8. h3 Bh5 9. Be2 Nd7 10. Bb2 c6 11. 0-0 Qc7 12. a3 Bd6 13. Nc3 N7f6 14. Rc1 Nxc3 15. Rxc3 Nd5 16. Rc1 Qe7 17. a4 Rad8 18. Nd4 Bxe2 19. Qxe2 Qe5 20. f4 Qe4 21. Rf3 Nb4 22. Ba1 Rfe8 23. g4 Nd3 24. Rcf1 Nxf4 25. Rxf4 Bxf4 26. Rxf4 Qxf4 27. exf4 Rxe2 28. Nxe2 Rxd2 29. Kf2 Ra2 30. Be5 Rxa4 31. g5 b5 32. Nd4 Rc4 33. Ke3 a5 34. Kd3 a4 35. Nf5 f6 36. gxf6 gxf6 37. Bxf6 Rxf4 38. Nh6+ Kf8 39. Be5 Rf3+ 40. Ke4 Rxh3 41. Nf5 h5 42. Ng7 Rh1 43. Ne6+ Kg8 44. Bd6 Re1+ 45. Kf5 Rb1 46. Nd4 b4 47. Nxc6 b3 48. Ne7+ Kf7 49. Nd5 b2 0-1

[Event "CZE-ch U18 Girls/sf U18"]
[Site "Czech Republic"]
[Date "2008.??.??"]
[Round "9"]
[White "Bakajsa, Libor"]
[Black "Kracik, Tomas"]
[Result "1/2-1/2"]
[WhiteElo "1912"]
[BlackElo "2050"]
[PlyCount "28"]
[EventDate "2008.??.??"]
[EventType "swiss"]
[EventRounds "9"]
[EventCountry "CZE"]
[SourceTitle "EXT 2011"]
[Source "ChessBase"]
[SourceDate "2010.11.26"]
[SourceVersion "1"]
[SourceVersionDate "2010.11.26"]
[SourceQuality "1"]

1. e4 e6 2. d4 d5 3. Nd2 Nf6 4. e5 Nfd7 5. Bd3 c5 6. c3 Nc6 7. Ndf3 cxd4 8. cxd4 Qb6 9. Ne2 f6 10. exf6 Nxf6 11. 0-0 Bd6 12. Re1 0-0 13. Bf4 Qc7 14. Bxd6 Qxd6 1/2-1/2

[Event "CZE-ch U18 Girls/sf U18"]
[Site "Czech Republic"]
[Date "2008.??.??"]
[Round "8"]
[White "Pavelek, Tomas"]
[Black "Bakajsa, Libor"]
[Result "1/2-1/2"]
[WhiteElo "1964"]
[BlackElo "1912"]
[PlyCount "57"]
[EventDate "2008.??.??"]
[EventType "swiss"]
[EventRounds "9"]
[EventCountry "CZE"]
[SourceTitle "EXT 2011"]
[Source "ChessBase"]
[SourceDate "2010.11.26"]
[SourceVersion "1"]
[SourceVersionDate "2010.11.26"]
[SourceQuality "1"]

1. e4 c5 2. Nf3 e6 3. d4 cxd4 4. Nxd4 a6 5. Nc3 Qc7 6. Bd3 Nf6 7. f4 d6 8. g4 Be7 9. g5 Nfd7 10. Be3 b5 11. a3 Nc5 12. Be2 Bb7 13. Bf3 Nbd7 14. h4 Nb6 15. b3 Ncd7 16. Qd2 Rc8 17. Nce2 Nc5 18. Ng3 d5 19. e5 Ne4 20. Qg2 Qc3+ 21. Ke2 Nxg3+ 22. Qxg3 Bc5 23. Bd2 Qxd4 24. c3 Qf2+ 25. Qxf2 Bxf2 26. Kxf2 Nd7 27. b4 Nb6 28. Be3 Na4 29. Rac1 1/2-1/2